Proceeding of the 35 th International Conference on Petroleum

Gespeichert in:
Bibliographische Detailangaben
Format: Buch
Sprache:Englisch
Veröffentlicht: Bratislava : Slovnaft, 1991
Tags: Tag hinzufügen
Keine Tags, Fügen Sie das erste Tag hinzu!

MARC

LEADER 00000nam a22000003a 4500
001 stu18144
005 20150408181538.8
008 911227s1991----cs------------------eng-d
040 |a STU  |b slo 
041 0 |a eng 
044 |a cs 
080 |a 665.61(061.3) 
245 |a Proceeding of the 35 th International Conference on Petroleum 
260 |a Bratislava :  |b Slovnaft,  |c 1991 
300 |a 245 s :  |b Obr.,tab.,grafy 
996 |b CK453  |c C*K453  |l CCXVI  |s P  |a 0  |w stu18144_0001 
996 |b CK454  |c C*K454  |l CCXVI  |s P  |a 0  |w stu18144_0002